Contabilidad : tercer curso /
Guardado en:
| Autor Principal: | |
|---|---|
| Formato: | Libro |
| Publicado: |
Buenos Aires :
Codex,
1967
|
| Edición: | 8a. ed. |
| Etiquetas: |
Agregar Etiqueta
Sin Etiquetas, Sea el primero en etiquetar este registro!
|
| LEADER | 00447nam a22001575a 4500 | ||
|---|---|---|---|
| 001 | CEM.cems001652 | ||
| 005 | 20060214000000.0 | ||
| 008 | 130507s1967##################000#0#####d | ||
| 003 | CEMS | ||
| 082 | 0 | 4 | |a 657 |
| 100 | 1 | |a Cholvis, Francisco | |
| 245 | 1 | 0 | |a Contabilidad : |b tercer curso / |c Francisco Cholvis |
| 250 | |a 8a. ed. | ||
| 260 | |a Buenos Aires : |b Codex, |c 1967 | ||
| 300 | |a 3541 p. | ||
| 859 | |a CEMS |b BIB. CEMS - 11 de abril |h 657 |i Ch453-1a8/III |p 4872.76 |t Ej.1 | ||
